000 00476nam a2200169Ia 4500
008 230524s9999 xx 000 0 und d
082 _a621.389
_bNAH
100 _aMahmood Nahvi
245 0 _aElectric Circuits (Schaum's Out lines of Theory & Problems)
250 _a4TH
260 _aNEW DELHI
_bTMH
_c2004
300 _aIX;461
500 _aQuantity Number: 8
650 _aElectrical
700 _a" Joseph A.Edminister,K.Uma Rao(Adapted by),,,"
_945351
942 _cBK
999 _c33556
_d33556